00406cam a2200169 4500001000800000005001700008008004100025010001700066020001500083040001800098041000800116080001800124082001800142100000600160101000800166245006200174265488120180116031150.0720526s1971 nyu 000 0 eng  a 70164427  a091060813X aDLCcDLCdDLC aeng aL 025.431 DEW00aL 025.431 DEW1 a0 aLIB10aAbridged Dewey decimal classification and relative index.